000 00520nam a2200193Ia 4500
005 20250508152236.0
008 008 250505s9999 xx 000 0 hin d
037 _aTextual
040 _aFEDL
_beng
_cFEDL
041 _ahin
_2hin
084 _a491.4307, RYB
_qFEDL
100 _aRyburn
_991386
245 0 _aMatr bhasha - shikshan
260 _aBombay, India
_bOxford University Press
_c1957
300 _a190p
365 _aGifted
942 _cTEXL
_h491.4307, RYB
999 _c1335220
_d1335220